[Event "Niedersachsen-ch"]
[Site "Verden"]
[Date "2008.01.05"]
[Round "6"]
[White "Guse, Reiner"]
[Black "Therkorn, Kurt"]
[Result "1-0"]
[WhiteElo "1609"]
[BlackElo "1290"]
[PlyCount "73"]
[EventDate "2008.01.03"]
[EventType "swiss"]
[EventRounds "7"]
[EventCountry "GER"]
[SourceTitle "EXT 2010"]
[Source "ChessBase"]
[SourceDate "2010.11.25"]
[SourceVersion "1"]
[SourceVersionDate "2010.11.25"]
[SourceQuality "1"]

1. d4 c6 2. Bf4 d5 3. e3 Nf6 4. Nf3 e6 5. c3 Nbd7 6. Bd3 Nh5 7. Bg3 Be7 8. Nbd2 Nxg3 9. hxg3 h6 10. Ne5 Bf6 11. f4 Rf8 12. Ndf3 Qc7 13. b4 Nxe5 14. Nxe5 Bd7 15. a4 b5 16. Nxd7 Qxd7 17. axb5 cxb5 18. Ra5 a6 19. Bxb5 axb5 20. Rxa8+ Ke7 21. Rxf8 Kxf8 22. 0-0 Be7 23. Qa1 f6 24. Qb2 Qc7 25. Qc2 Kf7 26. Ra1 f5 27. Qd3 Qc6 28. Ra5 Qc4 29. Qxc4 bxc4 30. b5 Bb4 31. cxb4 Ke7 32. Kf1 Kd7 33. Ke2 Kc7 34. Kd2 Kb6 35. Kc3 h5 36. Ra6+ Kxb5 37. Rxe6 1-0

[Event "Niedersachsen-ch"]
[Site "Verden"]
[Date "2008.01.03"]
[Round "1"]
[White "Gruender, Michael"]
[Black "Guse, Reiner"]
[Result "1-0"]
[WhiteElo "2055"]
[BlackElo "1609"]
[PlyCount "29"]
[EventDate "2008.01.03"]
[EventType "swiss"]
[EventRounds "7"]
[EventCountry "GER"]
[SourceTitle "EXT 2010"]
[Source "ChessBase"]
[SourceDate "2010.11.25"]
[SourceVersion "1"]
[SourceVersionDate "2010.11.25"]
[SourceQuality "1"]

1. Nf3 d5 2. c4 c6 3. g3 Nf6 4. Bg2 Bf5 5. d4 Bxb1 6. Rxb1 Qa5+ 7. Bd2 Qxa2 8. c5 Nbd7 9. 0-0 g6 10. Bc3 Ne4 11. Nd2 Nxd2 12. Qxd2 Bg7 13. Ra1 Qc4 14. Rfb1 a5 15. e3 1-0